[Event "POL-chT Academic"]
[Site "Chorzow"]
[Date "2021.05.16"]
[Round "9.14"]
[White "Jankowiak, Tomasz"]
[Black "Nun, Grzegorz"]
[Result "0-1"]
[WhiteElo "2133"]
[BlackElo "1868"]
[PlyCount "76"]
[EventDate "2021.05.15"]
[EventType "team-swiss (rapid)"]
[EventRounds "9"]
[EventCountry "POL"]
[SourceTitle "CBM 202 Extra"]
[Source "ChessBase"]
[SourceDate "2021.07.31"]
[SourceVersion "1"]
[SourceVersionDate "2021.07.31"]
[SourceQuality "1"]
[WhiteTeam "Wroclaw Politechnik"]
[BlackTeam "Poznan Mickiewicz Univ"]
[WhiteTeamCountry "POL"]
[BlackTeamCountry "POL"]

1. e4 c5 2. Nf3 d6 3. d4 cxd4 4. Nxd4 Nf6 5. Nc3 a6 6. Bg5 e6 7. f4 Be7 8. Qf3 Qc7 9. 0-0-0 0-0 10. g4 b5 11. Bd3 b4 12. Nce2 Bb7 13. Bxf6 Bxf6 14. g5 Be7 15. h4 Nd7 16. g6 Nc5 17. Qg4 Nxd3+ 18. Rxd3 Bxe4 19. Nxe6 fxe6 20. Qxe6+ Kh8 21. Qxe4 Rac8 22. Nd4 d5 23. Qe3 Rxf4 24. Rd2 Re4 25. Qd3 Bf6 26. Nb3 Rc4 27. Kb1 a5 28. h5 h6 29. Rhd1 a4 30. Nc1 Qe5 31. c3 bxc3 32. Re2 c2+ 33. Rxc2 Rxc2 34. Qxc2 Rxc2 35. Kxc2 Qxb2+ 36. Kd3 Qd4+ 37. Kc2 Qc3+ 38. Kb1 Qb2# 0-1

[Event "POL-ch Academic"]
[Site "Chorzow"]
[Date "2021.05.15"]
[Round "9.23"]
[White "Smieszek, Wojciech"]
[Black "Nun, Grzegorz"]
[Result "0-1"]
[WhiteElo "2107"]
[BlackElo "1868"]
[PlyCount "74"]
[EventDate "2021.05.14"]
[EventType "swiss (rapid)"]
[EventRounds "9"]
[EventCountry "POL"]
[SourceTitle "CBM 202 Extra"]
[Source "ChessBase"]
[SourceDate "2021.07.31"]
[SourceVersion "1"]
[SourceVersionDate "2021.07.31"]
[SourceQuality "1"]

1. e4 c5 2. Nf3 d6 3. d4 cxd4 4. Nxd4 Nf6 5. Nc3 a6 6. Nb3 e5 7. Bg5 Be7 8. Bxf6 Bxf6 9. Nd5 0-0 10. Qe2 Be6 11. 0-0-0 Bxd5 12. Rxd5 Qc7 13. Qd2 Be7 14. g4 Nd7 15. h4 Nb6 16. Rd3 Rac8 17. g5 Nc4 18. Qd1 b5 19. Bh3 Ra8 20. Nd2 a5 21. Rc3 Qb6 22. Rg1 Qxf2 23. Nxc4 bxc4 24. h5 Qf4+ 25. Kb1 Bxg5 26. Rg4 Qd2 27. Qg1 h6 28. Rcg3 Rab8 29. Rxg5 hxg5 30. Rxg5 Rxb2+ 31. Ka1 Rxa2+ 32. Kxa2 Qxc2+ 33. Ka1 Qa4+ 34. Kb2 Rb8+ 35. Kc1 Qa3+ 36. Kd2 Rb2+ 37. Ke1 Qa1# 0-1

[Event "EU-ch blitz"]
[Site "Katowice"]
[Date "2017.12.15"]
[Round "3"]
[White "Nun, Grzegorz"]
[Black "Alekseev, Evgeny V"]
[Result "0-1"]
[WhiteElo "1868"]
[BlackElo "2616"]
[PlyCount "106"]
[EventDate "2017.12.15"]
[EventType "swiss (blitz)"]
[EventRounds "22"]
[EventCountry "POL"]
[SourceTitle "CBM 182 Extra"]
[Source "ChessBase"]
[SourceDate "2018.02.23"]
[SourceVersion "1"]
[SourceVersionDate "2018.02.23"]
[SourceQuality "1"]

1. e4 c5 2. Nf3 Nc6 3. Bb5 g6 4. Bxc6 dxc6 5. 0-0 Bg7 6. d3 b6 7. h3 Nh6 8. Nc3 0-0 9. Be3 f6 10. Qd2 Nf7 11. Rad1 e5 12. Nh2 Be6 13. b3 Qd7 14. Ne2 Qe7 15. f4 exf4 16. Nxf4 Bd7 17. Nf3 Rfe8 18. Rde1 Rad8 19. Qc1 Bc8 20. Bd2 Qc7 21. Ne2 b5 22. Bf4 Qe7 23. a4 bxa4 24. bxa4 c4 25. dxc4 Qc5+ 26. Kh1 Rxe4 27. Ng3 Rxe1 28. Rxe1 Qxc4 29. Bc7 Rf8 30. Re4 Qd5 31. Rd4 Qe6 32. Qd1 f5 33. Rd2 Re8 34. Re2 Qd7 35. Qxd7 Bxd7 36. Rxe8+ Bxe8 37. a5 Bd7 38. Ne2 c5 39. Nf4 a6 40. Nd5 Be6 41. Nb6 Bc3 42. Na4 Bb4 43. Ne5 Nxe5 44. Bxe5 Bxa5 45. Nxc5 Bc8 46. c4 Kf7 47. Nb3 Bb4 48. Bc7 Ke6 49. Nd4+ Kd7 50. Be5 a5 51. Kg1 a4 52. Kf1 Ba6 53. Kf2 Bxc4 0-1

[Event "Poznan op 25th"]
[Site "Poznan"]
[Date "2017.08.22"]
[Round "4"]
[White "Frackowiak, Andrzej1111"]
[Black "Nun, Grzegorz"]
[Result "0-1"]
[WhiteElo "1611"]
[BlackElo "1829"]
[PlyCount "94"]
[EventDate "2017.08.20"]
[EventType "swiss"]
[EventRounds "9"]
[EventCountry "POL"]
[SourceTitle "CBM 180 Extra"]
[Source "ChessBase"]
[SourceDate "2017.10.06"]
[SourceVersion "1"]
[SourceVersionDate "2017.10.06"]
[SourceQuality "1"]

1. d4 Nf6 2. Bf4 c5 3. e3 e6 4. Nf3 d6 5. c3 Nbd7 6. Nbd2 Be7 7. h3 0-0 8. Bd3 a6 9. 0-0 b5 10. Re1 Qc7 11. Bh2 Bb7 12. e4 e5 13. d5 c4 14. Bc2 Rfe8 15. Qe2 Bf8 16. Nh4 g6 17. g4 Nb6 18. Qf3 Bg7 19. Kh1 a5 20. Qg3 b4 21. Rg1 Kh8 22. Qe3 bxc3 23. Qxc3 Qc5 24. f3 Rec8 25. Rgf1 Qb5 26. Ng2 a4 27. Bg1 Nbxd5 28. exd5 Nxd5 29. Qa3 c3 30. Ne4 cxb2 31. Rab1 Rxc2 32. Nxd6 Qd7 33. Nxb7 Qxb7 34. Rf2 Rxf2 35. Bxf2 e4 36. fxe4 Nc3 37. Qxb2 Qxe4 38. Re1 Qd5 39. Qc2 Qxa2 40. Qxa2 Nxa2 41. Ne3 Nb4 42. Rb1 Nd3 43. Kg2 Nxf2 44. Kxf2 a3 45. Nc2 a2 46. Rd1 a1Q 47. Nxa1 Bxa1 0-1

[Event "Poznan op 25th"]
[Site "Poznan"]
[Date "2017.08.20"]
[Round "2"]
[White "Nowak, Mikolaj"]
[Black "Nun, Grzegorz"]
[Result "1/2-1/2"]
[WhiteElo "2076"]
[BlackElo "1829"]
[PlyCount "64"]
[EventDate "2017.08.20"]
[EventType "swiss"]
[EventRounds "9"]
[EventCountry "POL"]
[SourceTitle "CBM 180 Extra"]
[Source "ChessBase"]
[SourceDate "2017.10.06"]
[SourceVersion "1"]
[SourceVersionDate "2017.10.06"]
[SourceQuality "1"]

1. f4 d5 2. Nf3 Nf6 3. g3 e6 4. Bg2 Be7 5. 0-0 0-0 6. d3 c5 7. Qe1 Nc6 8. e4 dxe4 9. dxe4 Qc7 10. Nc3 a6 11. Be3 b5 12. e5 Nd5 13. Bf2 Nxc3 14. Qxc3 Nb4 15. Nd2 Nd5 16. Qf3 Rb8 17. c4 bxc4 18. Nxc4 Nb6 19. Nxb6 Rxb6 20. b3 Bb7 21. Qc3 Bxg2 22. Kxg2 Rc6 23. Rac1 Rd8 24. Rc2 Rd5 25. Rfc1 Qd7 26. Qf3 a5 27. Rc3 g6 28. h4 Rc8 29. a3 Rd2 30. Kh3 Qb5 31. h5 Bf8 32. Rc4 Rcd8 1/2-1/2

[Event "POL-chT U19 2nd League"]
[Site "Iwonicz"]
[Date "2015.08.01"]
[Round "5.55"]
[White "Nun, Grzegorz"]
[Black "Kokoszczynski, Jan"]
[Result "1/2-1/2"]
[WhiteElo "1975"]
[BlackElo "2027"]
[PlyCount "69"]
[EventDate "2015.07.25"]
[EventType "team-swiss"]
[EventRounds "11"]
[EventCountry "POL"]
[SourceTitle "EXT 2019"]
[Source "ChessBase"]
[SourceDate "2018.10.10"]
[SourceVersion "1"]
[SourceVersionDate "2018.10.10"]
[SourceQuality "1"]
[WhiteTeam "Kozuchow Odrodzenie U19"]
[BlackTeam "Chylice KS Laura U19 II"]
[WhiteTeamCountry "POL"]
[BlackTeamCountry "POL"]

1. e4 e6 2. d3 c5 3. Nf3 Nc6 4. g3 g6 5. Bg2 Bg7 6. 0-0 Nge7 7. c3 0-0 8. Qe2 d6 9. Nbd2 e5 10. Nc4 h6 11. Ne3 f5 12. Nd5 Be6 13. Ne1 Qd7 14. Nc2 Rae8 15. a4 g5 16. Nxe7+ Nxe7 17. exf5 Bxf5 18. Ne3 d5 19. Nxf5 Nxf5 20. Be3 b6 21. a5 d4 22. Bd2 b5 23. Qe4 Qd6 24. Qd5+ Kh8 25. Qxd6 Nxd6 26. cxd4 exd4 27. Rfe1 Kh7 28. a6 Kg6 29. Bc6 Rc8 30. Bb7 Rce8 31. Bc6 Rc8 32. Bb7 Rce8 33. Bc6 Rc8 34. Bb7 Rce8 35. Bc6 1/2-1/2

[Event "Rewal op-A 19th"]
[Site "Rewal"]
[Date "2014.08.22"]
[Round "4"]
[White "Sliwicki, Damian"]
[Black "Nun, Grzegorz"]
[Result "1-0"]
[WhiteElo "2063"]
[BlackElo "1907"]
[PlyCount "85"]
[EventDate "2014.08.19"]
[EventType "swiss"]
[EventRounds "9"]
[EventCountry "POL"]
[SourceTitle "EXT 2015"]
[Source "ChessBase"]
[SourceDate "2014.11.20"]
[SourceVersion "1"]
[SourceVersionDate "2014.11.20"]
[SourceQuality "1"]

1. e4 c5 2. Nf3 Nc6 3. Bb5 g6 4. 0-0 Bg7 5. c3 d6 6. Re1 Bd7 7. d4 cxd4 8. cxd4 Nh6 9. Bg5 0-0 10. Qd2 Ng4 11. h3 Nf6 12. Nc3 a6 13. Bf1 Ne8 14. Red1 f6 15. Bh4 Nc7 16. Bg3 Be8 17. d5 Ne5 18. Nd4 Bf7 19. f4 Nd7 20. Bh2 Rc8 21. g4 Na8 22. Kh1 Nab6 23. Qf2 Nc5 24. f5 g5 25. Ne6 Nxe6 26. dxe6 Be8 27. Bg1 Na8 28. Qd2 Bc6 29. h4 gxh4 30. Be3 Qe8 31. Qh2 h6 32. Qxh4 Kh7 33. g5 fxg5 34. Qh3 Bxc3 35. Bxg5 Bg7 36. Rd2 Rh8 37. Rg2 Qf8 38. f6 exf6 39. Qf5+ Kg8 40. Bxf6 Rh7 41. e7 Qe8 42. Bc4+ d5 43. Rag1 1-0

[Event "POL-chT 69th"]
[Site "Poland"]
[Date "2013.09.15"]
[Round "9.2"]
[White "Czerwonski, Aleksander"]
[Black "Nun, Grzegorz"]
[Result "1-0"]
[WhiteElo "2377"]
[BlackElo "1841"]
[PlyCount "95"]
[EventDate "2013.05.24"]
[EventType "team-tourn"]
[EventRounds "9"]
[EventCountry "POL"]
[SourceTitle "EXT 2014"]
[Source "ChessBase"]
[SourceDate "2013.11.20"]
[SourceVersion "1"]
[SourceVersionDate "2013.11.20"]
[SourceQuality "1"]
[WhiteTeam "Gorzow Wielkopolski Stilon"]
[BlackTeam "Kozuchow Odrodzenie"]
[WhiteTeamCountry "POL"]
[BlackTeamCountry "POL"]

1. d4 Nf6 2. c4 c5 3. d5 b5 4. cxb5 a6 5. bxa6 Bxa6 6. g3 d6 7. Bg2 g6 8. Nc3 Bg7 9. Nh3 Nbd7 10. Nf4 c4 11. h4 h5 12. 0-0 0-0 13. Be3 Ng4 14. Bd4 Bxd4 15. Qxd4 Qb6 16. Qxb6 Nxb6 17. b4 cxb3 18. axb3 Bb7 19. Rfc1 Rfc8 20. Rxa8 Rxa8 21. Nd3 Ra3 22. Rb1 Nf6 23. e4 Nfd7 24. Nb5 Ra8 25. Bf1 Kf8 26. Rc1 Nf6 27. f3 Nfd7 28. Rc7 Ba6 29. Na7 Bxd3 30. Bxd3 Nc5 31. Bc2 Na6 32. Rb7 Nc8 33. Nc6 Nc5 34. Rb8 Rxb8 35. Nxb8 Nb6 36. Kf2 Ke8 37. Ke3 e5 38. dxe6 Nxe6 39. Nc6 Kd7 40. Nd4 Nc5 41. b4 Na6 42. Bb3 Ke7 43. Nc6+ Kf6 44. f4 Kg7 45. Kd4 Nc7 46. Bc4 Kf8 47. e5 dxe5+ 48. Nxe5 1-0

[Event "Rewal op-B 17th"]
[Site "Rewal"]
[Date "2012.08.??"]
[Round "2"]
[White "Bes, Michal"]
[Black "Nun, Grzegorz"]
[Result "1-0"]
[WhiteElo "1977"]
[BlackElo "1726"]
[PlyCount "77"]
[EventDate "2012.08.20"]
[EventType "swiss"]
[EventRounds "9"]
[EventCountry "POL"]
[SourceTitle "EXT 2014"]
[Source "ChessBase"]
[SourceDate "2013.11.20"]
[SourceVersion "1"]
[SourceVersionDate "2013.11.20"]
[SourceQuality "1"]

1. d4 Nf6 2. Nf3 g6 3. c4 c5 4. e3 cxd4 5. exd4 Bg7 6. Nc3 0-0 7. Be2 d5 8. 0-0 Nc6 9. b3 Bf5 10. h3 Rc8 11. Be3 a6 12. Rc1 Be4 13. Qd2 dxc4 14. bxc4 Bxf3 15. Bxf3 Na5 16. c5 Nc4 17. Qe2 Nxe3 18. Qxe3 Qc7 19. Rb1 Rb8 20. Rb6 Rfd8 21. Rfb1 Ng4 22. hxg4 Bxd4 23. Qe1 Bxc5 24. Rxb7 Rxb7 25. Rxb7 Qa5 26. Rxe7 Bxe7 27. Qxe7 Rd3 28. Ne4 Qa3 29. Nf6+ Kg7 30. Ne8+ Kg8 31. Nf6+ Kg7 32. Qe5 Qc1+ 33. Kh2 Qh6+ 34. Kg3 Kf8 35. Qc5+ Kg7 36. g5 Qh1 37. Qc8 Rxf3+ 38. Kxf3 Qd1+ 39. Kg3 1-0

[Event "Rewal op-B 17th"]
[Site "Rewal"]
[Date "2012.08.??"]
[Round "9"]
[White "Steppuhn, Thomas"]
[Black "Nun, Grzegorz"]
[Result "0-1"]
[WhiteElo "2039"]
[BlackElo "1726"]
[PlyCount "42"]
[EventDate "2012.08.20"]
[EventType "swiss"]
[EventRounds "9"]
[EventCountry "POL"]
[SourceTitle "EXT 2014"]
[Source "ChessBase"]
[SourceDate "2013.11.20"]
[SourceVersion "1"]
[SourceVersionDate "2013.11.20"]
[SourceQuality "1"]

1. d4 Nf6 2. Nf3 g6 3. e3 Bg7 4. c4 c5 5. Nc3 cxd4 6. exd4 0-0 7. Be2 d5 8. 0-0 Nc6 9. Be3 Bf5 10. Re1 Rc8 11. Qa4 a6 12. c5 Ne4 13. Red1 Nxc3 14. bxc3 e5 15. c4 exd4 16. Nxd4 Nxd4 17. Bxd4 Bxd4 18. Rxd4 Rxc5 19. Rad1 Qe7 20. Bf1 dxc4 21. Rxc4 b5 0-1

[Event "POL-chT U19 2nd League"]
[Site "Borowice"]
[Date "2012.07.24"]
[Round "5"]
[White "Musialkiewicz, Pawel"]
[Black "Nun, Grzegorz"]
[Result "1-0"]
[WhiteElo "2090"]
[BlackElo "1726"]
[PlyCount "75"]
[EventDate "2012.07.21"]
[EventType "team-swiss"]
[EventRounds "11"]
[EventCountry "POL"]
[SourceTitle "EXT 2014"]
[Source "ChessBase"]
[SourceDate "2013.11.20"]
[SourceVersion "1"]
[SourceVersionDate "2013.11.20"]
[SourceQuality "1"]
[WhiteTeam "Poznan UMKS Na Pieterku U19"]
[BlackTeam "Kozuchow Odrodzenie U19"]
[WhiteTeamCountry "POL"]
[BlackTeamCountry "POL"]

1. d4 Nf6 2. c4 c5 3. d5 b5 4. cxb5 a6 5. b6 d6 6. Nc3 Nbd7 7. e4 g6 8. a4 Qxb6 9. a5 Qc7 10. f4 Bg7 11. Nf3 0-0 12. Bc4 Rb8 13. 0-0 Rb4 14. Qe2 Kh8 15. Re1 Ng8 16. Nd1 f5 17. Bd2 Rb8 18. exf5 Rxf5 19. g4 Rf8 20. g5 Rf7 21. Bxa6 Bxa6 22. Qxa6 Rb3 23. Qc6 Qa7 24. Re3 Rxe3 25. Bxe3 Nf8 26. a6 e5 27. Qxd6 Nd7 28. Nxe5 Nxe5 29. fxe5 Rf5 30. Qxc5 Qf7 31. Nf2 Bxe5 32. a7 Rxf2 33. Bxf2 Qf4 34. a8Q Qxh2+ 35. Kf1 Qh1+ 36. Ke2 Qe4+ 37. Qe3 Qc4+ 38. Kf3 1-0

[Event "POL-chT U19 2nd League"]
[Site "Borowice"]
[Date "2012.07.23"]
[Round "3"]
[White "Madrawski, Krzysztof"]
[Black "Nun, Grzegorz"]
[Result "1/2-1/2"]
[WhiteElo "1599"]
[BlackElo "1726"]
[PlyCount "95"]
[EventDate "2012.07.21"]
[EventType "team-swiss"]
[EventRounds "11"]
[EventCountry "POL"]
[SourceTitle "EXT 2014"]
[Source "ChessBase"]
[SourceDate "2013.11.20"]
[SourceVersion "1"]
[SourceVersionDate "2013.11.20"]
[SourceQuality "1"]
[WhiteTeam "Zary ZKSz U19"]
[BlackTeam "Kozuchow Odrodzenie U19"]
[WhiteTeamCountry "POL"]
[BlackTeamCountry "POL"]

1. e4 c5 2. Nf3 d6 3. d4 cxd4 4. Nxd4 Nf6 5. Nc3 Nc6 6. Be2 g6 7. Be3 Bg7 8. f3 0-0 9. Qd2 d5 10. Nxc6 bxc6 11. exd5 Nxd5 12. Nxd5 cxd5 13. c3 Be6 14. 0-0 Qc7 15. f4 Rfd8 16. Bd4 Rab8 17. Bxg7 Kxg7 18. Qd4+ Kg8 19. Rab1 Qb6 20. Rfd1 Bf5 21. Qxb6 Rxb6 22. Bd3 Be6 23. Rdc1 Rdb8 24. Rc2 Kg7 25. Kf2 Kf6 26. Kf3 h5 27. h3 h4 28. Re2 a5 29. Rc2 a4 30. Re2 Rc8 31. Rc1 Rc7 32. Ke3 d4+ 33. Kxd4 Bxa2 34. c4 Rd7+ 35. Ke3 Re6+ 36. Be4 Rc7 37. c5 Bd5 38. Kf3 Bb3 39. Rd2 Kg7 40. Bd5 Bxd5+ 41. Rxd5 Rec6 42. f5 g5 43. Ke4 Rb7 44. Rc2 Kf6 45. Rd4 Ra7 46. Rb4 e6 47. fxe6 Kxe6 48. Rb6 1/2-1/2